Curso de derecho penal : parte general. /

Guardado en:
Autor Principal: López Camelo, Raúl Guillermo.
Otros Autores: Jarque, Gabriel D., Zaffaroni, Eugenio, (prol.)
Formato: Libro
Idioma:Undetermined
Publicado: Bahía Blanca : EdiUns, 2021.
Edición:5a. ed.
Series:Colección derecho
Materias:
Etiquetas: Agregar Etiqueta
Sin Etiquetas, Sea el primero en etiquetar este registro!
LEADER 00714nam a22002175a 4500
001 DER.der014820
008 230605s2021####ag############000#0#und#d
005 20241015142318.0
245 1 0 |a Curso de derecho penal :  |b parte general. /  |c López Camelo, Raúl Guillermo. 
250 |a 5a. ed. 
260 |a Bahía Blanca :  |b EdiUns,  |c 2021. 
300 |a 457 p. 
490 1 |a Colección derecho 
020 |a 9789876552707 
100 1 |a López Camelo, Raúl Guillermo. 
700 1 |a Jarque, Gabriel D. 
700 1 |a Zaffaroni, Eugenio,  |e prol. 
700 1 |a Promé, Marisa Gabriela,  |e col. 
650 7 |a DERECHO PENAL 
859 |a DERECHO  |b BIB. DERECHO  |h 345.001  |i LOP  |p 0010206 
859 |a DERECHO  |b BIB. DERECHO  |h 345.001  |i LOP  |p 0010500  |t 1